000 00269nam a2200109Ia 4500
008 200302s9999 xx 000 0 und d
100 _aJanelle Mcculloch
245 _aDream Hotels architectural hideaways
260 _b Image pablishing
260 _c2008
300 _a248
999 _c3342
_d3342